One Piece : lieux / personnages / fruits - Statistiques

Statistiques générales
  • Ce quiz a été pris 163 fois
    133 depuis la dernière actualisation
  • Le résultat moyen est 291 sur 921
Statistiques - réponses
aide Prénom % Correct
Monkey D. Luffy
96%
Cho
87%
g Équipage du Capitaine Usopp
87%
Lao G
87%
Nami
87%
Roronoa Zoro
87%
Tony Tony Chopper
87%
Usopp
87%
lieu Zo
87%
Vinsmoke Sanji
84%
Nico Robin
82%
f Fruit de l'humain
80%
Brook
78%
f Fruit du gum-gum / Fruit de l'humain version Nika
78%
Franky
76%
Jinbe
76%
f Pyro-fruit
73%
Shanks
73%
f Fruit des éclosions
71%
Portgas D. Ace
71%
Arlong
69%
Baggy
69%
g Équipage d'Arlong
69%
f Fruit du givre
69%
Gol D. Roger
69%
Kuzan (Aokiji)
69%
Marco
69%
Charlotte Linlin
67%
Edward Newgate
67%
g Équipage de Big Mom
67%
f Fruit de la fragmentation
67%
f Fruit de la résurrection
67%
f Fruit des ténèbres
67%
f Fruit du phoenix
67%
Marshall D. Teach
67%
Silvers Rayleigh
67%
Trafalgar D. Water Law
67%
Yasopp
67%
Alvida
64%
Crocodile
64%
Doc Q
64%
g Équipage des pirates de Roger
64%
f Fruit artificiel
64%
Kaido
64%
Kozuki Oden
64%
Octo
64%
Scratchmen Apoo
64%
Bartholomew Kuma
62%
Benn Beckman
62%
Don Quichotte Doflamingo
62%
g Équipage de Bonney
62%
g Équipage de Doflamingo
62%
g Équipage de Kid
62%
g Équipage du Chapeau de paille
62%
Eustass «Captain» Kid
62%
g Faux équipage du Chapeau de paille
62%
g Grande Flotte du Chapeau de Paille
62%
Jewelry Bonney
62%
Killer
62%
Monkey D. Dragon
62%
Sabo
62%
g Armada pirate de Don Krieg
60%
Basil Hawkins
60%
Borsalino (Kizaru)
60%
César Clown
60%
Don Krieg
60%
Dracule Mihawk
60%
g Équipage de Barbe Blanche
60%
g Équipage de Hawkins
60%
f Fruit des âmes
60%
f Fruit des sables
60%
f Fruit du diamant
60%
f Fruit du tremblement
60%
Gecko Moria
60%
Monkey D. Garp
60%
lieu Pays des Wa
60%
Rocks D. Xebec
60%
Sakazuki (Akainu)
60%
S-Hawk
60%
Suu
60%
Boa Hancock
58%
Capone «Gang» Bege
58%
f Fruit de l'âge
58%
f Fruit de l'invisibilité
58%
f Fruit d'Urouge
58%
Gyn
58%
Jesus Burgess
58%
King
58%
Kuro
58%
Richie
58%
Shiliew
58%
Smoker
58%
Urouge
58%
X Drake
58%
Cabaji
56%
Charlotte Katakuri
56%
Crocus
56%
Lucky Roux
56%
Edward Weevil
56%
g Équipage de Rocks
56%
f Fruit des coussinets
56%
f Fruit des coussinets (artificiel)
56%
f Fruit des fils
56%
f Fruit du château
56%
f Fruit du koala
56%
f Fruit du magma
56%
f Fruit luminescent
56%
Hody Jones
56%
Koala
56%
Morge
56%
Nefertari D. Vivi
56%
Pica
56%
Rock
56%
Smack
56%
Zeff
56%
Bentham (Mr.2)
53%
«Diamant» Joz
53%
Emporio Ivankov
53%
g Équipage du Roux
53%
f Fruit de l'île
53%
f Fruit de l'ombre
53%
f Fruit fumigène
53%
Imu
53%
Issho (Fujitora)
53%
Laboon
53%
Meuh-meuh
53%
Mr.1
53%
Rob Lucci
53%
Sengoku
53%
Tashigi
53%
Vinsmoke Reiju
53%
Who's-Who
53%
lieu Amazon Lily
51%
Belmer
51%
g Clan d'Ener
51%
Diamante
51%
«Docteur» Vegapunk (Stella)
51%
Don Quichotte Rossinante
51%
Ener
51%
g Équipage de Barbe Noire
51%
g Famille autoproclamée de Barbe Blanche
51%
Fisher Tiger
51%
f Fruit du flocon
51%
Galdino (Mr.3)
51%
Jack
51%
Jean Bart
51%
Kaku
51%
Kobby
51%
Léo
51%
g Marine
51%
Morgan
51%
Mr.5
51%
Mr.9
51%
Queen
51%
g Satellites de Vegapunk
51%
Trébol
51%
Vinsmoke Ichiji
51%
Vinsmoke Niji
51%
Baby 5
49%
Bartolomeo
49%
Carrot
49%
Catarina Devon
49%
Chaka
49%
f Ciro-fruit
49%
f Fruit de la pesanteur
49%
f Fruit glisse-glisse
49%
Hermep
49%
Kuroobi
49%
Laffitte
49%
Monet
49%
Mr.4
49%
Nefertari D. Cobra
49%
Pell
49%
Rockstar
49%
Scopper Gaban
49%
Shaka (Punk-01)
49%
Shimotsuki Kuina
49%
Tom
49%
f Travesti-fruit
49%
Van Augur
49%
Vinsmoke Judge
49%
Vinsmoke Yonji
49%
York (Punk-06)
49%
Avalo Pizarro
47%
Bepo
47%
Caribou
47%
Cavendish
47%
Charlotte Pudding
47%
Chavipère
47%
g Empereurs / Yonko
47%
g Équipage des pirates de Caribou
47%
g Équipage de Wapol
47%
g Équipage du Clown
47%
f Fruit de la barrière
47%
f Fruit de la force
47%
f Fruit de la téléportation
47%
f Fruit de l'humain version Bouddha
47%
f Fruit des pouvoirs de la paille
47%
f Fruit du bistouri
47%
f Fruit du bovin version girafe
47%
f Fruit du Venin
47%
g Génération terrible / Supernova
47%
Howling Gab
47%
Jango
47%
Kalifa
47%
Kong
47%
Miss Buckingham Stussy
47%
Sanjuan Wolf
47%
f Smile de la girafe
47%
Spandam
47%
Sugar
47%
Tsuru
47%
Tsuru (Wano)
47%
Vergo
47%
Vista
47%
Wapol
47%
Aramaki (Ryokugyû)
44%
Bellamy
44%
Boo
44%
Charlotte Cracker
44%
Curly Dadan
44%
Dorry
44%
g Famille Dadan
44%
f Fruit des hormones
44%
f Fruit du gaz
44%
f Fruit du marais
44%
f Fruit du riz gluant
44%
f Fruit du temps
44%
g Grands corsaires / Shishibukai
44%
Hina
44%
Igaram
44%
lieu Île de Drum
44%
Kozuki Momonosuke
44%
Little Oz Jr.
44%
f Magnéto-fruit
44%
Mr.7
44%
Nojiko
44%
Oz
44%
Pekoms
44%
Pierre
44%
Riku Viola
44%
lieu Royaume d'Alabasta
44%
Sai
44%
Sentomaru
44%
Shiki
44%
S-Snake
44%
Stussy
44%
lieu Whiskey Peak
44%
lieu Baratie
42%
Black Maria
42%
Blueno
42%
Boa Marigold
42%
Boa Sandersonia
42%
Brogy
42%
Caborage
42%
Charlotte Brulée
42%
Charlotte Oven
42%
Charlotte Perospero
42%
Charlotte Smoothie
42%
g Équipage de Drake
42%
f Fruit du cheval version pégase
42%
f Fruit du félin version léopard
42%
f Fruit du poisson version dragon azur
42%
Hajrudin
42%
Izou
42%
Kozuki Toki
42%
Kurozumi Tama
42%
Makino
42%
Merry
42%
Miss Merry Christmas
42%
Mr.13
42%
Neptune
42%
Nezumi
42%
Oursin
42%
Pearl
42%
Perona
42%
S-Bear
42%
Shirahoshi
42%
Stronger
42%
Vasco Shot
42%
Absalom
40%
Carotte
40%
Charlotte Laura
40%
Chinjao
40%
g Cipher Pol
40%
Coribou
40%
Demalo Black
40%
f Fruit du ressort
40%
f Fulguro-fruit
40%
Fullbody
40%
Genzô
40%
Icebarg
40%
Inazuma
40%
John
40%
John Giant
40%
Kaya
40%
Lilith (Punk-02)
40%
Lily
40%
Magellan
40%
Miss Valentine
40%
Nefertari D. Lillie
40%
Nyon (Gloriosa)
40%
Oignon
40%
Pacifista
40%
Pythagore (Punk-04)
40%
Saint Jaygarcia Saturn
40%
Saint Marcus Mars
40%
Señor Pink
40%
Shimotsuki Ryuma
40%
Vinsmoke Sora
40%
Yama
40%
Aladdin
38%
lieu Arlong Park / Kokoyashi
38%
Atlas (Punk-05)
38%
g Baroque Works
38%
Buffalo
38%
Charlotte Chiffon
38%
Charlotte Mont d'Or
38%
Charlotte Snack
38%
Chouchou
38%
Edison (Punk-03)
38%
g Équipage de Foxy
38%
g Équipage des pirates Kuja
38%
g Équipage d'Ideo
38%
Foxy
38%
f Fruit de la cuisson
38%
f Fruit de la maladie
38%
f Fruit des ciseaux
38%
f Fruit des souvenirs
38%
f Fruit du canidé version renard à neuf queues
38%
f Fruit du cheval
38%
f Fruit du pachyderme version mammouth
38%
f Fruit du son
38%
Haguar D. Sauro
38%
Heat
38%
Héra
38%
Hiluluk
38%
Ideo
38%
lieu Impel Down
38%
Kinemon
38%
Kurozumi Kanjuro
38%
Kyros
38%
Miss Doublefinger
38%
Miss Monday
38%
Morgans
38%
Napoléon
38%
Piment
38%
lieu Punk Hazard
38%
Saint Shepherd Ju Peter
38%
Shakuyaku
38%
lieu Skypiea
38%
f Smile du cheval
38%
S-Shark
38%
Thatch
38%
Vander Decken IX
38%
lieu Water Seven
38%
Zeus
38%
Amazon
36%
g Amiraux
36%
g Amiraux en chef
36%
lieu Archipel des Sabaody
36%
Baron Tamago
36%
Blamenco
36%
Den
36%
lieu Enies Lobby
36%
g Équipage des pirates du Soleil
36%
Fighting Bull
36%
f Fruit de la passion
36%
f Fruit de la passion (artificiel)
36%
f Fruit de l'art
36%
f Fruit du biscuit
36%
f Fruit du bovin version bison
36%
f Fruit du glouton
36%
Hack
36%
Koza
36%
Kozuki Hiyori
36%
Kureha
36%
Kurozumi Orochi
36%
lieu Little Garden
36%
lieu Logue Town
36%
Miss Goldenweek
36%
Momonga
36%
lieu Orange Town
36%
Paulie
36%
Rebecca
36%
lieu Reverse Mountain / Cap des Jumeaux
36%
Saint Topman Warcury
36%
g Vice-amiraux
36%
lieu Village de Sirop
36%
Yamato
36%
g Armée révolutionnaire
33%
f Armo-fruit
33%
Barbe brune
33%
«Calico» Yorki
33%
g Cross Guild
33%
Dellinger
33%
f Fruit de la poche
33%
Dr. Hogback
33%
g Équipage du Chat noir
33%
f Fruit de la lessive
33%
f Fruit de la tortue
33%
f Fruit des vêtements
33%
f Fruit du canidé version loup
33%
f Fruit du gigantisme
33%
f Fruit du livre
33%
f Fruit du miroir
33%
f Fruit kilo-kilo
33%
Fukuro
33%
Gaimon
33%
Gan Forr
33%
Gladius
33%
lieu Île des Hommes-Poissons
33%
Jora
33%
Margaret
33%
lieu Marine Ford
33%
Morley
33%
Pandaman
33%
Pedro
33%
Penguin
33%
Princesse Manshelly
33%
Prométhée
33%
Squard
33%
Ulti
33%
Bee Anne
31%
Belo Betty
31%
Building Snake
31%
Charlotte Daifuku
31%
Conney
31%
Camie
31%
g Équipage du Heart
31%
f Fruit de la sourdine
31%
f Fruit de l'oursin
31%
f Fruit du félin version tigre à dents de sabre
31%
f Fruit du volatile version faucon
31%
f Fruit tailladant
31%
f Fruit tailladant (artificiel)
31%
Hannyabal
31%
Héraclès
31%
Jabra
31%
Kaloo
31%
Kikunojo
31%
Lindbergh
31%
Machvise
31%
Miss Friday
31%
Mont Blanc Cricket
31%
Ohm
31%
Otohime
31%
Page One
31%
Raizo
31%
g Royaume de Germa / Germa 66
31%
Sasaki
31%
T. Bone
31%
Vito
31%
Wiper
31%
Abdullah
29%
g Armée de Tontatta
29%
Bastille
29%
Blue Gilly
29%
Charlotte Opéra
29%
Conis
29%
Dalmatien
29%
Dolton
29%
g Équipage des Géants
29%
g Équipage des Pirates Rumbar
29%
g Franky Family
29%
f Fruit boum-boum
29%
f Fruit de l'insecte version scarabée rhinocéros
29%
f Fruit de l'œuf
29%
f Fruit du barbotage
29%
f Fruit du barbotage (artificiel)
29%
f Fruit du dalmatien
29%
f Fruit du dans le mille
29%
f Fruit du dinosaure version allosaure
29%
f Fruit du dinosaure version tricératops
29%
f Fruit du presse-presse
29%
f Fruit du taureau
29%
f Fruit du volatile version albatros
29%
f Fruit du zèbre
29%
Funkfreed
29%
g Gouvernement mondial
29%
Higuma
29%
lieu Jaya
29%
Karasu
29%
Kashi
29%
Kumadori
29%
Limejuice
29%
lieu Long Ring Long Land
29%
Minokoala
29%
Minotaure
29%
Minozèbre
29%
Namur
29%
g Nouvel équipage des Géants
29%
Oimo
29%
Pappag
29%
Patty
29%
Prince Gles
29%
g Royaume de Tontatta
29%
Saint Charlos
29%
Saint Ethanbaron V. Nusjuro
29%
Saint Figarland Garling
29%
lieu Shells Town
29%
f Smile de l'éléphant
29%
Smiley
29%
Stelly
29%
Streusen
29%
lieu Thriller Bark
29%
Wadatsumi
29%
Wanda
29%
Zunesh
29%
Buchi
27%
Carne
27%
Charlotte Praline
27%
Chocolat
27%
Claw D. Clover
27%
g Conseil des cinq doyens
27%
Doberman
27%
lieu Dressrosa
27%
lieu Egg Head
27%
g Équipage aux cent bêtes
27%
f Fruit du ciboulot
27%
f Fruit du dinosaure version brachiosaure
27%
f Fruit du dinosaure version ptéranodon
27%
f Fruit du joujou
27%
f Fruit du poisse-poisse
27%
f Fruit du pousse-pousse
27%
f Fruit du rhinocéros
27%
f Fruit machine de couture
27%
Ginny
27%
Kokoro
27%
Lassou
27%
Minorhinocéros
27%
Nefertari D. Titi
27%
Orlumbus
27%
Pound
27%
Riku Scarlett
27%
Sarquiss
27%
Satori
27%
Shachi
27%
Sham
27%
Shura
27%
Spandine
27%
Speed
27%
Suleiman
27%
lieu Whole Cake Island
27%
Wire
27%
Black Back
24%
Charlotte Amande
24%
Chess
24%
Denjiro
24%
Doll
24%
Duval
24%
g Escouade des Géants
24%
Farul
24%
g Flotte Yonta Maria
24%
f Fruit de la suie
24%
f Fruit de l'ectoplasme
24%
f Fruit du canidé version chacal
24%
f Fruit du vol-au-vent
24%
g Galley-La Company
24%
Gedatsu
24%
Hattori
24%
Holdem
24%
Manboshi
24%
Masira
24%
Miss Father's Day
24%
Nico Olivia
24%
lieu Ohara
24%
Riku Doldo III
24%
Sadi
24%
Scotch
24%
Shojo
24%
f Smile du lion
24%
Very Good
24%
lieu Archipel de Boing
22%
Bluegrass
22%
Calgara
22%
Capone Pets
22%
Chimney
22%
Epoida
22%
g Équipage des magnifiques pirates
22%
g Équipage des moines dépravés
22%
g Équipage des nouveaux hommes-poissons
22%
f Fruit de la lampe
22%
f Fruit de l'humain version grand moine
22%
f Fruit d'Epoida
22%
f Fruit du pinceau
22%
f Fruit du portier
22%
Fukaboshi
22%
Hoop Slap
22%
Jeet
22%
Johnny
22%
Kabu
22%
lieu Kedétrav
22%
Lacroix
22%
Laki
22%
Montblanc Norland
22%
Nero
22%
Peeply Lulu
22%
Reverse
22%
Rika
22%
Ryuboshi
22%
f Smile de la chauve-souris
22%
f Sylvo-fruit
22%
lieu Tequila Wolf
22%
lieu Village de Shimotsuki
22%
Wanze
22%
Yosaku
22%
Ashura Doji
20%
Batman
20%
Bluejam
20%
Brandnew
20%
Carmel
20%
Charlotte Galette
20%
g Chevaliers divins
20%
Curiel
20%
Domino
20%
Dosun
20%
g Équipage de Bluejam
20%
f Fruit bubulle
20%
f Fruit de la crème
20%
f Fruit de Onigumo
20%
f Fruit des tonnes
20%
f Fruit du dinosaure version spinosaure
20%
f Fruit du séquestre
20%
f Fruit flottant
20%
f Fruit paf-paf
20%
f Fruit ramollo
20%
f Fruit tournant
20%
Gambia
20%
Gazelleman
20%
Gotti
20%
Hotori
20%
Hyogoro
20%
Kawamatsu
20%
Kiwi
20%
Kotori
20%
Kurozumi Semimaru
20%
«Madame» Shyarly
20%
Monstar
20%
Mozu
20%
Onigumo
20%
Pagaya
20%
Porche
20%
Rakuyo
20%
Sheep's Head
20%
Shinobu
20%
f Smile de la gazelle
20%
f Smile du mouton
20%
g SWORD
20%
Toto
20%
Zambai
20%
Zeo
20%
Aisa
18%
Aphelandra
18%
g Autres gladiateurs du Colisée Corrida
18%
Boodle
18%
Cerbère
18%
Charlotte Compote
18%
Charlotte Flampée
18%
f Fruit du regard
18%
lieu Île des animaux rares
18%
Elizabello II
18%
g Équipage du Fire Tank
18%
f Fruit de la caillasse
18%
f Fruit de la guérison
18%
f Fruit des baies
18%
f Fruit du canidé version loup divin
18%
f Fruit du cuisinier
18%
f Fruit du glouglou
18%
f Fruit du millet
18%
f Fruit du parchemin
18%
g Généraux sucrés
18%
Hibari
18%
g Homies
18%
Hyouzou
18%
Ippon Matsu
18%
Kelly Funk
18%
Kingdew
18%
Kuromarimo
18%
Kurozumi Higurashi
18%
Macro
18%
lieu Marie Joie
18%
Onimaru
18%
Saint Don Quichotte Mjosgard
18%
Saldeath
18%
Salome
18%
Shelly
18%
Shimotsuki Kôshirô
18%
Shimotsuki Yasuie
18%
Surimi
18%
Tilestone
18%
Victoria Cindry
18%
Yokozuna
18%
Basilic
16%
Baskerville
16%
Bobbin
16%
Bobby Funk
16%
Bonk Punch
16%
Disco
16%
g Dragons célestes
16%
g Équipage de Barto Club
16%
g Famille Charlotte
16%
f Fruit de la bouillasse
16%
f Fruit de la léchouille
16%
f Fruit de l'araignée version rosamygale grauvogeli
16%
f Fruit du pachyderme
16%
Fukurokuju
16%
Fuza
16%
Gomorrhe
16%
Haruta
16%
Holy
16%
Hongo
16%
Longs-cils
16%
Megalo
16%
Ministre de la droite
16%
Ministre de la gauche
16%
g Minks
16%
Mocha
16%
lieu Royaume de Goa
16%
Saint Rosward
16%
g Seraphims
16%
g Shandias
16%
Sodom
16%
Sweet Pea
16%
Toko
16%
Trouduc
16%
Tyrannosaurus
16%
g Unluckies
16%
lieu Weatheria
16%
Wicka
16%
Atmos
13%
Blenheim
13%
Cocoa
13%
Daruma
13%
Dogra
13%
Don Quichotte Homing
13%
Emeth
13%
Flapper
13%
Fossa
13%
g Fourreaux rouges
13%
f Fruit de l'insecte version guêpe
13%
f Fruit de l'ophidien version anaconda
13%
f Fruit du beurre
13%
f Fruit du reptile version serpent à 8 têtes
13%
f Fruit fouisseur
13%
Hamlet
13%
Haredas
13%
Hoe
13%
King Baum
13%
Kozuki Sukiyaki
13%
Kumacy
13%
g MADS
13%
Magra
13%
Mc Guy
13%
Sainte Sharlia
13%
Sicilion
13%
f Smile du scorpion
13%
f Smile du singe
13%
Speed Jill
13%
Sphinx
13%
Tonjit
13%
g Unité des Mousquetaires
13%
Whitey Bay
13%
g Yeti Cool Brothers
13%
lieu Baltigo
11%
Braham
11%
Bunny Joe
11%
Charlotte Newshi
11%
Clione
11%
Dagama
11%
Diesel
11%
Drip
11%
g Équipage du New Age
11%
f Fruit du canidé version basset
11%
f Fruit du dinosaure version pachycéphalosaure
11%
f Fruit du fouet
11%
Gancho
11%
Genbo
11%
Gion
11%
lieu God Valley
11%
Guernica
11%
Hamburg
11%
Hildon
11%
Jigoro
11%
Kamakiri
11%
Kujaku
11%
Mc Kinley
11%
Milky
11%
Pouilleux
11%
Ran
11%
Ririka
11%
Shimotsuki Kozaburo
11%
Solitaire
11%
Stainless
11%
g Superstars
11%
Terracotta
11%
Tristane
11%
lieu Village de Fuchsia
11%
Zepo
11%
Alice
9%
Alpagaman
9%
lieu Archipel Totto Land
9%
Bao Huang
9%
Bogart
9%
Bomba
9%
Charlotte Mondée
9%
Faust
9%
g Flotte de Happou
9%
f Fruit de la Pelisse
9%
Gonbei
9%
Hammond
9%
Icaros Mucchi
9%
Ikkaku
9%
Kung-fu Dugongs
9%
lieu Kuraigana
9%
g Ligue des primates
9%
Maynard
9%
Miyagi
9%
Pomsky
9%
Randolph
9%
Ronse
9%
lieu Royaume de Sorbet
9%
lieu Ruche
9%
f Smile de l'alpaga
9%
f Smile de l'écureuil volant
9%
Terry Gilteo
9%
g Tobi Roppo
9%
Turco
9%
Camel
7%
Charlotte Effilée
7%
Chienguin
7%
Concelot
7%
g CP-AIGIS0
7%
Doma
7%
g Équipage On-Air
7%
f Fruit de la conduite
7%
f Fruit de la maturité
7%
f Fruit de la salamandre version axolotl
7%
f Fruit de l'ophidien version cobra royal
7%
Gambo
7%
g Gardiens de la Forêt de la Baleine
7%
Giovanni
7%
Hound
7%
Ippon Ume
7%
Manjaro
7%
Motobaro
7%
Plouf
7%
Red King
7%
lieu Ruskaina
7%
Seagull Guns Nozdon
7%
f Smile de l'hippopotame
7%
Tararan
7%
Yamakaji
7%
Ahiru
4%
Alpha
4%
Aspireine
4%
lieu Baldimore
4%
Belladona
4%
Buhichuck
4%
lieu Crevardie
4%
Daisy
4%
g Équipage des pirates de Nox
4%
g Équipage des pirates volants
4%
f Fruit de l'exaltation
4%
Giberson
4%
Hanger
4%
Hihimaru
4%
Ichiyo
4%
Islewan
4%
Jiron
4%
Joseph
4%
Kikyo
4%
Kitton
4%
Komachiyo
4%
Minatomo
4%
Monji
4%
Mounblutain
4%
Nora Gitsune
4%
Omasa
4%
Onze Jurés
4%
Pekkori
4%
Potato
4%
g Quatuor monstrueux
4%
Robson
4%
Roddy
4%
lieu Royaume Dézoizo
4%
Sancrin
4%
Sapî
4%
Shanba
4%
Shimotsuki Ushimaru
4%
f Smile du tatou
4%
Soran
4%
Sorrow
4%
Tank Lepanto
4%
Taroimo
4%
Tibany
4%
g Tom's workers
4%
Tosa
4%
Totsu
4%
Tsunagoro
4%
Urban
4%
Ushiano
4%
Variété
4%
Yatappe
4%
Yomo
4%
Adele
2%
Attachan
2%
Banchi
2%
Cosmos
2%
f Fruit du pêle-mêle
2%
Guillotine
2%
Ishilly
2%
Jean Ango
2%
Madilloman
2%
Mauji
2%
Rindo
2%
Sind
2%
Tubifex Lombric
2%
Tweetums
2%
Aucun quiz correspondant
Distribution des résultats
% des personnes avec chaque résultat
Percentile par nombre de réponses
Votre historique - résultats
Vous n’avez pas pris ce quiz depuis la dernière actualisation